000 00539nam a2200193Ia 4500
003 GCL
008 140319s9999 xx 000 0 eng d
040 _aGCL /
_cGCL
082 0 4 _a303.6083
_bV V
100 1 _aVARMA, VED P.
245 1 0 _aVIOLENCE IN CHILDREN AND ADOLESCENTS /
_cVARMA, VED P.
260 _a[S.N] :
_bJESSICA KINGSLEY PUBLISHERS ،
_c1997
300 _a217 P
650 0 4 _aSOCIAL SCIENCE
650 0 4 _aCHILDREN AND VIOLENCE
650 0 4 _aVIOLENCE - CHILDREN
650 0 4 _aADOLESCENT PSYCHOTHERAPY
942 _2ddc
_cBK
999 _c13341
_d13341